000 00316nam a22001337a 4500
008 170731b xxu||||| |||| 00| 0 eng d
020 _a0700224718
041 _aeng
080 _a004
100 _a32
101 _aSHK
245 _aFUNCTIONS OF COMPLEX VARIABLES AN INTRODUCTION
_cMOTTELER,Z.C
942 _2udc
_cBK
999 _c22259
_d22259